Die alten Ortsnamen Palästinas /

محفوظ في:

المؤلف الرئيسي: Borée, Wilhelm (مؤلف)

التنسيق: أطروحة كتاب

اللغة: German

منشور في: Leipzig : Pfeiffer, 1930.

الموضوعات:

الوسوم: إضافة وسم

لا توجد وسوم, كن أول من يضع وسما على هذه التسجيلة!

رقم الطلب: DS103 .B73 1930

LEADER 00774namaa2200265 4500
001 20987
003 OSt
005 20260223074937.0
008 130303s1930 gw bm 000 0 ger d
040 |c ARCE Library 
043 |a awba---  |a awgz--- 
050 4 |a DS103 .B73 1930 
100 1 |a Borée, Wilhelm,  |e author  |9 27043 
245 1 4 |a Die alten Ortsnamen Palästinas /   |c Wilhelm Borée. 
264 1 |a Leipzig :   |b Pfeiffer,   |c 1930. 
300 |a 125 pages ;  |c 24 cm. 
500 |a Cover title. 
500 |a Vita. 
502 |a Thesis (doctoral) -- Universität Leipzig. 
504 |a Includes bibliographical references. 
650 0 |a Names, Geographical  |z Palestine. 
650 0 |a Hebrew language  |x Etymology  |x Names. 
901 |a reviewed 
942 |c BK  |2 lcc 
999 |c 18326  |d 18326